000 00313nam a22001217a 4500
008 170712b xxu||||| |||| 00| 0 eng d
041 _aeng
080 _a038
100 _a23
101 _aFJA
245 _aROGETS THESAURUS OF THE ENGLISH LANGUAGE IN DICTIONARY
_cMAVSON.C.O.S
942 _2udc
_cBK
999 _c20299
_d20299